1666 1000 1045 1115 1830 1929 1653 1485 1838 1045 1213 1043 1043 1275 1691 1492 1365 1454 1436 1610 1398 1220 1586 1836 1319 1586 1745 1737 1875 1893 1380 1922 1878 1155 1945 1578 1303 1395 1503 1312 1112 1354 1528 1644 1101 1969 1921 1227 1266 1111 1147 1554 1488 1340 1180 1813 1552 1148 1257 1483 1328 1841 1342 1046 1450 1820 1847 1048 1323 1325 1041 1796 1304 1673 1737 1920 1608 1313 1827 1559 1516 1874 1753 1697 1310 1579 1159 1945 1318 1023 1775 1119 1702 1333 1792 1806 1270 1671 1601 BCNSPRNW ULIB Ver.6.0+V

เปลี่ยนเป็นภาษาไทย

Change to English
 แสดงรายละเอียดบรรณานุกรม
  กลับหน้าหลัก

Brief Record : Get Marc (ISO 2709) : E-mail record : QR code < ปิดหน้าต่าง
LEADER : 00000nam 2200000uu 4500
001    13399125319
003     ULIB
008    170420s2558||||th 000 0 tha d
020    ^a9786163824127
060    ^aWM100 พ523ค
100    ^aพัชรินทร์ นินทจันทร์
245    ^aความแข็งแกร่งในชีวิต : แนวคิด การประเมิน และการประยุกต์ใช้
250    ^aพิมพ์ครั้งที่ 1
260    ^aกรุงเทพฯ :^bจุดทอง,^c2558
300    ^a206 หน้า^bภาพประกอบ
650    ^aจิตเวชศาสตร์^xการศึกษาและการสอน
650    ^aสุขภาพจิต^xการศึกษาและการสอน
945    ^p0^l0^i001938
945    ^p0^l0^i001937
945    ^p0^l0^i001936
945    ^p0^l0^i001935
945    ^p0^l0^i001939
945    ^p0^l0^i001940
999    ^aวรรณษา ชูชัยมงคล
รายการนี้ยังไม่มีแท็ก
คุณยังไม่ได้ล็อกอิน คุณสามารถมีกิจกรรมร่วมกับเว็บไซต์ได้ แต่ต้องล็อกอินก่อน ::
  ล็อกอิน

รายการสื่อสารสนเทศ

ลำดับที่ ประเภท เลขเรียก/บาร์โค้ด สถานที่ สถานะ
1. วิทยาศาสตร์การแพทย์ และสุขภาพ
วิทยาศาสตร์การแพทย์ และสุขภาพ
สถานะ=หนังสือเก่า
WM100 พ523ค ฉ.1 
  Barcode: 001935
ห้องสมุดวิทยาเขตสวรรค์ประชารักษ์
►ส่วนจัดเก็บหนังสือเก่า สปร
บนชั้น
  ขอยืม
2. วิทยาศาสตร์การแพทย์ และสุขภาพ
วิทยาศาสตร์การแพทย์ และสุขภาพ
สถานะ=หนังสือเก่า
WM100 พ523ค ฉ.2 
  Barcode: 001936
ห้องสมุดวิทยาเขตสวรรค์ประชารักษ์
►ส่วนจัดเก็บหนังสือเก่า สปร
บนชั้น
  ขอยืม
3. วิทยาศาสตร์การแพทย์ และสุขภาพ
วิทยาศาสตร์การแพทย์ และสุขภาพ
สถานะ=หนังสือเก่า
WM100 พ523ค ฉ.3 
  Barcode: 001937
ห้องสมุดวิทยาเขตสวรรค์ประชารักษ์
►ส่วนจัดเก็บหนังสือเก่า สปร
บนชั้น
  ขอยืม
4. วิทยาศาสตร์การแพทย์ และสุขภาพ
วิทยาศาสตร์การแพทย์ และสุขภาพ
สถานะ=หนังสือเก่า
WM100 พ523ค ฉ.4 
  Barcode: 001938
ห้องสมุดวิทยาเขตสวรรค์ประชารักษ์
►ส่วนจัดเก็บหนังสือเก่า สปร
บนชั้น
  ขอยืม
5. วิทยาศาสตร์การแพทย์ และสุขภาพ
วิทยาศาสตร์การแพทย์ และสุขภาพ
สถานะ=หนังสือเก่า
WM100 พ523ค ฉ.5 
  Barcode: 001939
ห้องสมุดวิทยาเขตสวรรค์ประชารักษ์
►ส่วนจัดเก็บหนังสือเก่า สปร
บนชั้น
  ขอยืม
6. วิทยาศาสตร์การแพทย์ และสุขภาพ
วิทยาศาสตร์การแพทย์ และสุขภาพ
สถานะ=หนังสือเก่า
WM100 พ523ค ฉ.6 
  Barcode: 001940
ห้องสมุดวิทยาเขตสวรรค์ประชารักษ์
►ส่วนจัดเก็บหนังสือเก่า สปร
บนชั้น
  ขอยืม

รายการใกล้เคียง
    ผู้แต่ง [พัชรินทร์ นินทจันทร์]

BibComment


ยังไม่เคยถูกคอมเมนท์

คอมเมนท์ทรัพยากรรายการนี้
  คอมเมนท์: ความแข็งแกร่งในช..


 Copyright 2026. Bcnsprnw @Library